00561nam a22001937a 450000500170000001000130001702000210003003500130005103700160006404000120008008200150009210000200010724500710012726000400019827000610023830000200029965000280031965000200034720170124110245.0 aA-346039 c00.00a817041072 aA-346039 bCen Lib/Ret aDPLbEN a020.3bMAD aMadan, Som Nath aDictionary of library and information science /cby Som Nath Madan aNew DelhibAnmol Publicationsc1988 bNew Delhia4378/4B, Gali Murari Lal, Ansari Roade110002 a93p. c20cm(Hb) aLibraries -- Dictionary aLibrary Science